Liszt's Weimar /

Bibliographic Details
Main Author: Bagby, Albert Morris, 1859-1941
Format: Book
Language:English
Published: New York : T. Yoseloff, [1961]
Subjects:

MARC

Tag First Indicator Second Indicator Subfields
LEADER 00000cam a2200000 4500
001 in00000036551
005 20151007060914.0
008 730426s1961 nyua 00001 eng u
010 |a  61013936  
035 |a (OCoLC)00611579 
035 |9 AAD0542AM 
040 |c WSU  |d TXA  |d UtOrBLW 
049 |a TXAM  |c [339079] 
050 0 |a ML3925.L62  |b B3 
092 |a 813  |b B144 
100 1 |a Bagby, Albert Morris,  |d 1859-1941. 
245 1 0 |a Liszt's Weimar /  |c Edited by Kathleen Hoover. 
264 1 |a New York :  |b T. Yoseloff,  |c [1961] 
300 |a 125 pages :  |b illustrations ;  |c 22 cm. 
336 |a text  |b txt  |2 rdacontent 
337 |a unmediated  |b n  |2 rdamedia 
338 |a volume  |b nc  |2 rdacarrier 
600 1 0 |a Liszt, Franz,  |d 1811-1886  |x Fiction. 
650 0 |a Musical fiction. 
999 |a MARS 
999 f f |s 8d3169e7-279e-3cb7-abab-2bb2295bee35  |i dc4379a8-23e3-3032-8f1c-240c9122114f  |t 0 
952 f f |p ric  |a Texas A&M University  |b Rellis Campus  |c Joint Library Facility  |d Remote Storage  |t 0  |e ML3925.L62 B3  |h Library of Congress classification  |i unmediated -- volume  |m A14801228331 
998 f f |a ML3925.L62 B3  |t 0  |l Remote Storage